Proceedings of the International Workshop on Exploitation Technology, 15-18 December 2003, Kottayam, India (Record no. 45231)

MARC details
000 -LEADER
fixed length control field 00424nam a2200121Ia 4500
100 ## - MAIN ENTRY--AUTHOR NAME
Personal name K. R. Vijayakumar
245 #0 - TITLE STATEMENT
Title Proceedings of the International Workshop on Exploitation Technology, 15-18 December 2003, Kottayam, India
260 ## - PUBLICATION, DISTRIBUTION, ETC. (IMPRINT)
Name of publisher Rubber Research Institute of India
Place of publication Kottayam
Year of publication 2005
700 ## - ADDED ENTRY--PERSONAL NAME
Personal name K. Karunaichamy
700 ## - ADDED ENTRY--PERSONAL NAME
Personal name K.U.Thomas, R. Rajagopal
942 ## - ADDED ENTRY ELEMENTS (KOHA)
Koha item type Publications
Holdings
Withdrawn status Lost status Damaged status Not for loan Collection code Home library Current library Date acquired Accession Number Koha item type
      Publications Proceedings / conferences / seminars / workshops RRII Library RRII Library 31/12/2021 PR 35 Publications